| 000 | 00736 a2200229 4500 | ||
|---|---|---|---|
| 010 | _aENG-85947 | ||
| 020 |
_a8120332348 _c195.00 |
||
| 035 | _aEN-69480 | ||
| 037 | _bD.B.Act / Pub | ||
| 082 | 1 | 4 | _a658.4012 |
| 090 |
_c3854 _d3854 |
||
| 100 | 1 | _aHunger, J. David | |
| 245 | 1 |
_aEssentials of strategic management _cby J. David Hunger and Thomas L. Wheelen |
|
| 250 | _a4th ed. | ||
| 260 |
_aNew Delhi _bPrentice Hall of India _c2007 |
||
| 270 |
_aM-97, Cannaught Circus _bNew Delhi _e110 001 |
||
| 300 |
_axi, 192 p. _b23 cm. (Pbk.) |
||
| 500 | _aIncludes index | ||
| 700 | 1 | _aWheelen, Thomas L. | |
| 942 |
_adpl _cEN _k658.4012 / HUN |
||
| 999 |
_c3776 _d3776 |
||